000
00281nam a22001217a 4500
008
230606b xxu||||| |||| 00| 0 eng d
082
_a
613.2
_b
UNI
100
_c
UNICEF
245
_a
Kweli za Maisha
_b
Changamoto ya Mawasiliano
260
_b
UNICEF
300
_a
129P
942
_2
ddc
_c
BK
999
_c
733
_d
733